L'Algérie précoloniale (notice nᵒ 32290)
[ vue normale ]
| 000 -LEADER | |
|---|---|
| fixed length control field | 00546nam a22001577a 4500 |
| 005 - DATE AND TIME OF LATEST TRANSACTION | |
| control field | 20201220084610.0 |
| 037 ## - SOURCE D'ACQUISITION | |
| Cote | BC_333 65 |
| Forme de support | Broché |
| 040 ## - SOURCE DU CATALOGAGE | |
| Origine cataloguage | BC-ENSA |
| Langue du catalogage | fre |
| 041 ## - CODE DE LANGUE | |
| Langue | Français |
| 100 ## - VEDETTE PRINCIPALE - AUTEUR PRINCIPAL | |
| Auteur | GALLISSOT, René |
| 245 ## - MENTION DU TITRE | |
| Titre | L'Algérie précoloniale |
| Complément de titre | classes sociales en système précapitaliste mise en question du mode de production féodal |
| 260 ## - PUBLICATION, DIFFUSION, ETC. (ADRESSE BIBLIOGRAPHIQUE) | |
| Lieu d'édition | Paris |
| Nom de l'éditeur | Centre d'Etudes et de Recherches Marxistes |
| Année d'édition | 1968 |
| 562 ## - NOTE D'IDENTIFICATION DES EXEMPLAIRES ET VERSIONS | |
| Numbre d' exemplaire | 01 exemplaire(s) |
| 942 ## - ADDED ENTRY ELEMENTS (KOHA) | |
| Type document | Ouvrage |
| 653 ## - DESCRIPTEUR LIBRE | |
| Mots clés libres | ALGERIE/PRECOLONIALE/PRODUCTION FEODAL/SYSTEME |
| statut de retrait | Statut | emplacement permanent | Localisation actuelle | emplacement rayonnages | Cote | code à barre | Koha type d'élément |
|---|---|---|---|---|---|---|---|
| Exclu du prêt | Bibliothèque Centrale | Bibliothèque Centrale | Magasin sous sol | BC_333 65 | BC_333 65 | Ouvrage |